000 00511pam a22001934a 4500
020 _a0071456643
040 _cDLC
082 _a650 MCG 2005 A043 Or.
245 0 0 _aHarrap's French and English business dictionary
246 3 0 _aFrench and English business dictionary
250 _aFully rev. ed
260 _aNew York :
_bMcGraw-Hill,
_cc2005
300 _axi, 264, 52 p. ;
_c26 cm
650 0 _aBusiness
650 0 _aEnglish language
650 0 _aBusiness
650 0 _aFrench language
942 _cEK
999 _c12623
_d12623